Flexibilita přes hranice firmy

Splnenie požiadaviek zákazníka ako hlavná filozofická aj realizačná výzva pre marketing. Cesty zvyšovania konkurenčnej schopnosti z pohľadu všetkých účastníkov hodnototvorného procesu. Integrácia firmy do konkurencieschopného dodávateľského reťazca. Starégia reťazca založená na stratégii ťahu (pull)...

ver descrição completa

Na minha lista:
Detalhes bibliográficos
Autor principal: Tomek, Gustav
Formato: Capítulo de Livro
Idioma:tcheco
Assuntos:
Tags: Adicionar Tag
Sem tags, seja o primeiro a adicionar uma tag!

MARC

LEADER 00000naa a2200000 4500
001 0119049
005 20231114080530.1
041 0 |a cze 
044 |a SK 
245 1 0 |a Flexibilita přes hranice firmy  |c Gustav Tomek 
520 |a Splnenie požiadaviek zákazníka ako hlavná filozofická aj realizačná výzva pre marketing. Cesty zvyšovania konkurenčnej schopnosti z pohľadu všetkých účastníkov hodnototvorného procesu. Integrácia firmy do konkurencieschopného dodávateľského reťazca. Starégia reťazca založená na stratégii ťahu (pull). Fungujúci podnikový manažment. Rozhodovanie o outsourcingu. Vytváranie medzipodnikových sietí. Spájanie podnikov do komplexného dodávateľského reťazca - supply chain. 
610 2 0 |a konkurencieschopnosť 
610 2 0 |a zákazníci 
610 2 0 |a manažment 
610 2 0 |a dodávatelia 
610 2 0 |a reťazce dodávateľsko-odberateľské 
610 2 0 |a outsourcing 
610 2 0 |a flexibilita 
100 1 |a Tomek, Gustav